Pride and prejudice / (Record no. 2987)
[ view plain ]
| 000 -LEADER | |
|---|---|
| fixed length control field | 01225nac a22003375a 4500 |
| 003 - CONTROL NUMBER IDENTIFIER | |
| control field | EG-ScBUE |
| 005 - DATE AND TIME OF LATEST TRANSACTION | |
| control field | 20201108093812.0 |
| 008 - FIXED-LENGTH DATA ELEMENTS--GENERAL INFORMATION | |
| fixed length control field | 100919t1949 paua f 000 1 eng d |
| 040 ## - CATALOGING SOURCE | |
| Original cataloging agency | EG-Sb BUE |
| Language of cataloging | eng |
| Description conventions | rda |
| Transcribing agency | EG-Sb BUE |
| Modifying agency | EG-ScBUE |
| 082 04 - DEWEY DECIMAL CLASSIFICATION NUMBER | |
| Classification number | 823.7 |
| Item number | AUS |
| Edition number | 22 |
| 100 1# - MAIN ENTRY--PERSONAL NAME | |
| Personal name | Austen, Jane, |
| 9 (RLIN) | 19416 |
| Relator term | author. |
| 245 10 - TITLE STATEMENT | |
| Title | Pride and prejudice / |
| Statement of responsibility, etc | Jane Austen ; edited by W. Somerset Maugham ; Illustrated by Douglas Gorsline. |
| 250 ## - EDITION STATEMENT | |
| Edition statement | First edition. |
| 264 #1 - PUBLICATION, DISTRIBUTION, ETC. (IMPRINT) | |
| Place of publication, distribution, etc | Philadelphia ; |
| -- | Toronto : |
| Name of publisher, distributor, etc | The John C. Winston, |
| Date of publication, distribution, etc | 1949. |
| 300 ## - PHYSICAL DESCRIPTION | |
| Extent | xix, 326 pages : |
| Other physical details | illustrations ; |
| Dimensions | 21 cm |
| 336 ## - CONTENT TYPE | |
| Source | rdacontent |
| Content type term | text |
| Content type code | txt |
| 337 ## - MEDIA TYPE | |
| Source | rdamedia |
| Media type term | unmediated |
| Media type code | n |
| 338 ## - CARRIER TYPE | |
| Source | rdacarrier |
| Carrier type term | volume |
| Carrier type code | nc |
| 590 ## - LOCAL NOTE (RLIN) | |
| Local note | doha |
| 650 #7 - SUBJECT ADDED ENTRY--TOPICAL TERM | |
| Topical term or geographic name as entry element | Social classes |
| Form subdivision | Fiction. |
| Source of heading or term | BUEsh |
| 9 (RLIN) | 19417 |
| 650 #7 - SUBJECT ADDED ENTRY--TOPICAL TERM | |
| Topical term or geographic name as entry element | Young women |
| Form subdivision | Fiction. |
| 9 (RLIN) | 19418 |
| Source of heading or term | BUEsh |
| 650 #7 - SUBJECT ADDED ENTRY--TOPICAL TERM | |
| Topical term or geographic name as entry element | Courtship |
| Form subdivision | Fiction. |
| 9 (RLIN) | 19419 |
| Source of heading or term | BUEsh |
| 650 #7 - SUBJECT ADDED ENTRY--TOPICAL TERM | |
| Topical term or geographic name as entry element | Sisters |
| Form subdivision | Fiction. |
| 9 (RLIN) | 19420 |
| Source of heading or term | BUEsh |
| 651 #7 - SUBJECT ADDED ENTRY--GEOGRAPHIC NAME | |
| Geographic name | England |
| 9 (RLIN) | 19421 |
| Source of heading or term | BUEsh |
| 653 ## - INDEX TERM--UNCONTROLLED | |
| Arrived date list | August2015 |
| Resource For college | Humanities: English |
| 655 #7 - INDEX TERM--GENRE/FORM | |
| Genre/form data or focus term | Domestic fiction. |
| Form subdivision | Reading book |
| 655 #7 - INDEX TERM--GENRE/FORM | |
| Genre/form data or focus term | Love stories. |
| 700 1# - ADDED ENTRY--PERSONAL NAME | |
| Personal name | Maugham,Somerset. W |
| Dates associated with a name | 1812-1870. |
| Relator term | editor. |
| 9 (RLIN) | 19424 |
| 700 1# - ADDED ENTRY--PERSONAL NAME | |
| Personal name | Gorsline, Douglas, |
| Relator term | Illustrrator. |
| 942 ## - ADDED ENTRY ELEMENTS (KOHA) | |
| Koha item type | Book - Borrowing |
| Call number prefix | 813AUS |
| Source of classification or shelving scheme | Dewey Decimal Classification |
| Withdrawn status | Lost status | Damaged status | Not for loan | Home library | Current library | Shelving location | Date acquired | Source of acquisition | Total Checkouts | Total Renewals | Full call number | Barcode | Checked out | Date last seen | Date checked out | Price effective from | Koha item type | Source of classification or shelving scheme | Materials specified (bound volume or other part) |
|---|---|---|---|---|---|---|---|---|---|---|---|---|---|---|---|---|---|---|---|
| Central Library | Central Library | Second Floor | 07/03/2014 | Purchase | 1 | 25 | 813 AUS | 000001222 | 16/05/2026 | 05/01/2026 | 05/01/2026 | 14/03/2007 | Book - Borrowing | ||||||
| Central Library | Central Library | Second Floor | 19/09/2010 | Purchase | 3 | 2 | 823.7 AUS | 000012200 | 15/07/2025 | 09/10/2018 | Book - Borrowing | Dewey Decimal Classification |